LEADER 06353nam 2200637 450 001 9910790992003321 005 20230803022819.0 010 $a94-012-0989-8 024 7 $a10.1163/9789401209892 035 $a(CKB)2550000001182780 035 $a(EBL)1598084 035 $a(SSID)ssj0001127747 035 $a(PQKBManifestationID)12401145 035 $a(PQKBTitleCode)TC0001127747 035 $a(PQKBWorkID)11153001 035 $a(PQKB)10363496 035 $a(MiAaPQ)EBC1598084 035 $a(OCoLC)868281703$z(OCoLC)889184533 035 $a(nllekb)BRILL9789401209892 035 $a(Au-PeEL)EBL1598084 035 $a(CaPaEBR)ebr10826899 035 $a(CaONFJC)MIL562806 035 $a(OCoLC)868281703 035 $a(EXLCZ)992550000001182780 100 $a20140128h20132013 uy 0 101 0 $aeng 135 $aur|n|---||||| 181 $ctxt 182 $cc 183 $acr 200 00$aAfrican literatures and beyond $ea florilegium /$fedited by Bernth Lindfors and Geoffrey V. Davis ; cover image, Brenda Lindfors, Gordon Collier 210 1$aAmsterdam, Netherlands ;$aNew York :$cRodopi,$d2013. 210 4$d©2013 215 $a1 online resource (427 p.) 225 0$aCross/cultures ;$v168 300 $aDescription based upon print version of record. 311 $a90-420-3738-5 311 $a1-306-31555-7 320 $aIncludes bibliographical references. 327 $tPreliminary Material --$tCultural Studies, Power, and the Idea of the Hegemonic in Wole Soyinka?s Works /$rMpalive Hangson Msiska --$tInterpreting the Interpreters: The Narratives of the Postcolony in Wole Soyinka?s The Interpreters /$rSola Adeyemi --$tThe Enduring Relevance of Kobina Sekyi?s The Blinkards in Twenty-First-Century Ghana /$rAwo Mana Asiedu --$tThe Agony and the Ecstasy: Sierra Leonean Dramatists? Confrontation with the Sierra Leonean Landscape /$rEustace Palmer --$tThe Rev. Joseph Jackson Fuller: A ?Native? Evangelist and ?Black? Identity in the Cameroons /$rGareth Griffiths --$tA Modest Plant, Easily Crushed: Radio Drama in Blin, Eritrea /$rJane Plastow --$tThrough Determination to Happiness?: Eastern African Slavery in Life and Literature /$rPia Thielmann --$t?Shine your light, Zimbabwe? /$rGeoffrey V. Davis --$tFrom Mqhayi to Sole: Four Poems on the Sinking of the Troopship Mendi /$rChris Dunton --$tFieldwork as Translation: Linnaeus? Apostle Anders Sparrman and the Hottentot Perspective /$rRaoul J. Granqvist --$tOrality and Performance: A Source of Pan-African Social Self /$rKofi Anyidoho --$tAfricans and Ireland History, Society, and the Black Nexus /$rInnes C.L. and Collier Gordon --$tIra Aldridge in Stockholm /$rBernth Lindfors --$t?Who?ll get my library after I?m gone??: An Interview with the Septuagenarian Afro-German Africanist Theodor Wonja Michael /$rAnne Adams --$tInto the Heart of Whiteness: Performing African Moon in Krefeld: Gabriel Gbadamosi in Conversation /$rChristine Matzke --$tVon Jenseits des Meeres: Romantic and Revolutionary Visions of Caribbean History /$rEckhard Breitinger --$t?But it will have to be a new English?: A Comparative Discussion of the ?Nativization? of English among Afro- and Indo-English authors /$rLeif Lorentzon --$tAfrican Literature Today and African Theatre The James Gibbs Connection /$rCurrey James and Lynn Taylor --$tHe Spoke Truth ? Quietly /$rKofi Anyidoho --$tThe Carwash, Clifton Moor, York: (For James and Patience) /$rJack Mapanje --$tCrosscut /$rCharles R. Larson --$tKariba?s Last Stand /$rRobert Fraser --$tOdùduwà, Don?t Go!: A One-Act Play For Col. Adékúnlé Fajuyi, who gave his life /$rFemi Osofisan --$tMosquito!: Or, Addition, Vernacular, or Rat? A Railway for Freetown /$rMartin Banham --$tJames Gibbs?s Pinteresque Diversion /$rC.L. Innes --$tNotes on Contributors. 330 $aThis tribute collection reflects the wide range and diversity of James Gibbs?s academic interests. The focus is on Africa, but comparative studies of other literatures also receive attention. Fiction, drama, and poetry by writers from Nigeria, Ghana, Sierra Leone, Eritrea, Malawi, Zimbabwe, South Africa, Ireland, England, Germany, India, and the Caribbean are surveyed alongside significant missionaries, scientists, performers, and scholars. The writers discussed include Wole Soyinka, Chinua Achebe, Kobina Sekyi, Raphael Armattoe, J.E. Casely Hayford, Michael Dei-Anang, Kofi Awoonor, Ayi Kwei Armah, John Kolosa Kargbo, Dele Charley, Ng?g? wa Thiong?o, Okot p?Bitek, Jonathan Sajiwandani, Samuel E. Krune Mqhayi, A.S. Mopeli?Paulus, Kelwyn Sole, Anna Seghers, Raja Rao, and Arundhati Roy. Other essays treat the black presence in Ireland, anonymous rap artists in Chicago, the Jamaican missionary Joseph Jackson Fuller in the Cameroons, the African-American actor Ira Aldridge in Sweden, the Swedish naturalist Anders Sparrman in South Africa, and the literary scholar and editor Eldred Durosimi Jones in Sierra Leone. Interviews with the Afro-German Africanist Theodor Wonja Michael and the Irish-Nigerian dramatist Gabriel Gbadamosi are also included. Also offered are poems by Jack Mapanje and Kofi Anyidoho, short stories by Charles R. Larson and Robert Fraser, plays by Femi Osofisan and Martin Banham, and an account of a dramatic reading of a script written and co-performed by James Gibbs. Contributors: Anne Adams, Sola Adeyemi, Kofi Anyidoho, Awo Mana Asiedu, Martin Banham, Eckhard Breitinger, Gordon Collier, James Currey, Geoffrey V. Davis, Chris Dunton, Robert Fraser, Raoul J. Granqvist, Gareth Griffiths, C.L. Innes, Charles R. Larson, Bernth Lindfors, Leif Lorentzon, Jack Mapanje, Christine Matzke, Mpalive?Hangson Msiska, Femi Osofisan, Eustace Palmer, Jane Plastow, Lynn Taylor, and Pia Thielmann. 410 0$aCross/Cultures$v168. 606 $aAfrican literature$xHistory and criticism 615 0$aAfrican literature$xHistory and criticism. 676 $a809.896 701 $aLindfors$b Brenda$01493228 701 $aDavis$b Geoffrey V.$f1943-2018.$0199647 701 $aLindfors$b Bernth$0464998 701 $aCollier$b Gordon$01110247 801 0$bMiAaPQ 801 1$bMiAaPQ 801 2$bMiAaPQ 906 $aBOOK 912 $a9910790992003321 996 $aAfrican literatures and beyond$93716100 997 $aUNINA LEADER 02022nas 2200589-a 450 001 9910339059203321 005 20240915213022.0 024 8 $aUMI 12487.02 035 $a(CKB)962824981191 035 $a(CONSER)---91642492- 035 $a(EXLCZ)99962824981191 100 $a19900419b19902001 --- a 101 0 $aeng 181 $ctxt$2rdacontent 182 $cc$2rdamedia 183 $acr$2rdacarrier 200 00$aSurveying and land information systems $ejournal of American Congress on Surveying and Mapping 210 $aBethesda, MD $cAmerican Congress on Surveying and Mapping$d1990-©2001 215 $a1 online resource 300 $aRefereed/Peer-reviewed 300 $aTitle from cover. 311 08$aPrint version: Surveying and land information systems : 1052-2905 (DLC) 91642492 (OCoLC)21396434 531 $aSURVEYING AND LAND INFORMATION SYSTEMS DEVOTED TO THE ADVANCEMENT OF THE SCIEN 531 $aSURVEYING & LAND INFORMATION SYSTEMS 531 0 $aSurv. land inf. syst. 606 $aSurveying$vPeriodicals 606 $aCartography$vPeriodicals 606 $aArpentage$vPériodiques 606 $aCartographie$vPériodiques 606 $aSystèmes d'information$xSol, Utilisation du$vPériodiques 606 $aCartography$2fast$3(OCoLC)fst00848025 606 $aSurveying$2fast$3(OCoLC)fst01139579 606 $aLandmeetkunde$2gtt 606 $aCartografie$2gtt 608 $aPeriodicals.$2fast 608 $aPeriodicals.$2lcgft 615 0$aSurveying 615 0$aCartography 615 6$aArpentage 615 6$aCartographie 615 6$aSystèmes d'information$xSol, Utilisation du 615 7$aCartography. 615 7$aSurveying. 615 17$aLandmeetkunde. 615 17$aCartografie. 676 $a526.9/05 712 02$aAmerican Congress on Surveying and Mapping, 906 $aJOURNAL 912 $a9910339059203321 920 $aexl_impl conversion 996 $aSurveying and land information systems$92565466 997 $aUNINA